Top 20 Most Performed Opera Composers - Statistics

General Stats
  • This quiz has been taken 1,175 times
  • The average score is 10 of 20
Answer Stats
rank nationality composer % Correct
2 Austrian Wolfgang Mozart
97%
1 Italian Guiseppe Verdi
92%
3 Italian Giacomo Puccini
86%
4 German Richard Wagner
85%
5 Italian Gioachino Rossini
70%
7 French Georges Bizet
69%
10 Russian Pyotr Tchaikovsky
68%
8 British George Handel
59%
11 Austrian Johann Strauss
57%
9 German Richard Strauss
57%
13 British Benjamin Britten
52%
6 Italian Gaetano Donizetti
49%
17 Italian Vincenzo Bellini
43%
18 Czech Leoš Janáček
28%
12 French Jacques Offenbach
26%
20 French Jules Massenet
23%
19 Italian Ruggero Leoncavallo
20%
14 Hungarian Franz Lehár
13%
16 Hungarian Emmerich Kálmán
6%
15 German Engelbert Humperdinck
5%
No matching quizzes found
Score Distribution
Percent of People with Each Score
Percentile by Number Answered
Your Score History
You have not taken this quiz